000 00373pab a2200157 454500
008 180718b2015 xxu||||| |||| 00| 0 eng d
100 _aThapar, Romila
245 _aFallacies of Hindutva historiography
260 _c2015
300 _ap.68-69.
362 _a3 Jan
650 _aHinduism
773 _aEconomic and Political Weekly
908 _aN
909 _a106438
999 _c106433
_d106433